Statistiques concernant Les clubs sur le podium de Premier League depuis 2001 (football)

Cliquez ici pour prendre le quiz!

Statistiques générales

  • Ce quiz a été pris 386 fois
  • Le résultat moyen est 7 sur 8

Statistiques - réponses

Nombre de fois sur le podium Année(s) Club % Correct
132001,02,03,04,05,06,07,08,09,10,11,12,2013Manchester United
100%
102001,02,03,04,05,08,10,12,15,2016Arsenal
100%
112004,05,06,07,08,09,10,11,13,14,2015Chelsea
99%
52011,12,13,14,2015Manchester City
99%
62001,02,06,07,09,2014Liverpool
98%
12016Leicester City
93%
12016Tottenham Hotspur
93%
12003Newcastle United
51%

Distribution des résultats

Percentile by Number Answered

% des personnes avec chaque résultat

Votre développement - résultats

Vous n’avez pas pris ce quiz